Normal view
MARC view
Entry Topical Term
001 - CONTROL NUMBER
- control field: 38986
003 - CONTROL NUMBER IDENTIFIER
- control field: ARRUPE
005 - DATE AND TIME OF LATEST TRANSACTION
- control field: 20180129101545.0
008 - FIXED-LENGTH DATA ELEMENTS
- fixed length control field: 180129|| aca||aabn | a|a d
040 ## - CATALOGING SOURCE
- Original cataloging agency: ARRUPE
- Transcribing agency: ARRUPE
150 ## - HEADING--TOPICAL TERM
- Topical term or geographic name as entry element: Egyptology
670 ## - SOURCE DATA FOUND
- Source citation: Work cat.: (ARRUPE)42001: Mertz, Barbara 38985, Temples, tombs, and hieroglyphs:, 1964